Coroner at large /

Trials (Murder)

Bibliographic Details
Main Author: Noguchi, Thomas T., 1927-
Other Authors: DiMona, Joseph
Format: Book
Language:English
Published: New York : Simon and Schuster, [1985]
Subjects:

MARC

Tag First Indicator Second Indicator Subfields
LEADER 00000cam a2200000 a 4500
001 in00004475439
005 20210818135102.0
008 850917s1985 nyu | 00010 eng
010 |a  85024975  
020 |a 0671544624 :  |c $16.95 
035 |a (OCoLC)12665539 
035 |9 AAE3887MS 
035 |z (UtOrBLW)14329 
035 |a 25140 
040 |a DLC  |c DLC  |d m/c  |d VET  |d TMV  |d UtOrBLW 
049 |a TMVM  |c 1 
050 0 0 |a RA1053  |b .N64 1985 
060 4 |a W 700  |b N778c 1985 
082 0 |a 614/.1  |2 19 
100 1 |a Noguchi, Thomas T.,  |d 1927- 
245 1 0 |a Coroner at large /  |c Thomas T. Noguchi, with Joseph DiMona. 
264 1 |a New York :  |b Simon and Schuster,  |c [1985] 
264 4 |c ©1985 
300 |a 249 pages ;  |c 22 cm. 
336 |a text  |2 rdacontent  |b txt 
337 |a unmediated  |2 rdamedia 
338 |a volume  |2 rdacarrier  |b nc 
520 8 |a Trials (Murder) 
650 2 |a Coroners and Medical Examiners. 
650 2 |a Forensic Medicine  |v Case Reports. 
650 2 |a Jurisprudence. 
700 1 |a DiMona, Joseph. 
999 |a MARS 
999 f f |s 0a9b4366-68a5-3406-8b3f-1c45ca901f32  |i f82fea4d-676b-324e-ab2d-3d0c0650145a  |t 0 
952 f f |p ric  |a Texas A&M University  |b Rellis Campus  |c Joint Library Facility  |d Remote Storage  |t 0  |e W 700 N778c 1985  |h National Library of Medicine classification  |i unmediated -- volume  |m 323890097774G 
998 f f |a W 700 N778c 1985  |t 0  |l Remote Storage